| 000 | 00655nam a2200217 a 4500 | ||
|---|---|---|---|
| 005 | 20140310183425.0 | ||
| 008 | 070925s19uu xx 00 eng d | ||
| 020 | _a9780071254052 | ||
| 050 |
_aHF 5415 _b.K848t 2007 |
||
| 100 | _aKotler, Philip | ||
| 245 |
_aThink ASEAN! : _brethinking marketing toward ASEAN community 2015 / _cPhilip Kotler. |
||
| 260 |
_aAsia : _bMcGraw-Hill, _c2007. |
||
| 300 |
_a192 p. : _bill. ; _c24 cm. |
||
| 521 | _aBSBA | ||
| 650 |
_aMarketing _xAsia _xManagement _xCase Studies. |
||
| 650 | _aMarketing research. | ||
| 700 | _aKartajaya, Hermawan | ||
| 700 | _aDen Huan, Hooi | ||
| 942 |
_cBK _2lcc _kFOR |
||
| 999 |
_c22623 _d22623 |
||